|
|
|
|
| LEADER |
00000nam a22000007a 4500 |
| 005 |
20221012214957.0 |
| 007 |
cr|||| |||| |
| 008 |
221012s2022 co |||||s|||| 00||0 spa d |
| 020 |
|
|
|a 978-958-760-373-6
|
| 035 |
|
|
|a 37381
|
| 040 |
|
|
|a vLex
|
| 090 |
|
|
|c 14019
|d 14019
|
| 100 |
1 |
|
|a Hurtado Briceǫ, Alberto Još
|
| 245 |
1 |
0 |
|a Mercosur en el nuevo escenario latinoamericano
|h [Recurso electrn̤ico] /
|c Alberto Jos ̌Hurtado Briceǫ
|
| 256 |
|
|
|a Servicio en ln̕ea
|
| 260 |
|
|
|a Medelln̕:
|b Universidad Cooperativa de Colombia,
|c 2022
|
| 300 |
|
|
|a 1 recurso electrn̤ico
|
| 506 |
1 |
|
|a Disponible solo en los productos indicados
|d vLex Global
|d vLex Global (Academic Edition, excluding Law Schools)
|d vLex Global (U.S. Academic Edition, Law Schools)
|d vLex Global (U.S. Academic Edition, excluding Law Schools)
|d vLex Global (Academic Edition, Law Schools)
|
| 650 |
0 |
4 |
|a Derecho Internacional
|z Colombia
|
| 740 |
0 |
|
|a vLex Libros (Servicio en ln̕ea)
|
| 856 |
4 |
0 |
|u https://app.vlex.com/#/sources/37381
|z Acceso restringido
|
| 942 |
|
|
|c BOOK
|
| 999 |
0 |
|
|a International right
|